| Поле | Инд. | ПП | Название | Значение |
|---|---|---|---|---|
| Тип записи | a | |||
| Библиографический уровень | m | |||
| 001 | Контрольный номер | 2eebb927f22146d3b95710f70e66d379 | ||
| 003 | e73a1a0adf98423c9db009118652916e | |||
| 005 | Дата корректировки | 20191227162511.0 | ||
| 008 | Кодируемые данные | s2011 ru |||||||||||000|||rus|d | ||
| 020 | a | ISBN | 978-5-9765-1031-9 (ФЛИНТА) | |
| 020 | a | ISBN | 978-5-02-037342-6 (Наука) | |
| c | Цена, тираж | 25-00-Д | ||
| 040 | b | Код языка каталог. | rus | |
| 040 | a | Служба первич. каталог. | ЦГБ г. В. Луки | |
| 041 | 0_ | a | Код языка текста | rus |
| 084 | 2 | Источник индекса | rubbk | |
| a | Индекс другой классификации/Индекс ББК | 75.0 | ||
| 090 | a | Полочн. индекс | 75.0 | |
| x | Авторский знак | В 75 | ||
| c | Каталожный индекс | 75.0 | ||
| e | Инвентарный номер (DOS) | 861379-Д; 861380-Д | ||
| f | Сигла хранения (DOS) | влг-ЦБ; влг-ЦБ | ||
| j | Имя библиотеки | ЦГБ г. В.Луки | ||
| 091 | a | Индекс ББК (DOS) | 75.0 | |
| 100 | 1_ | a | Автор | Ворожбитова А. Л. |
| q | Полное имя | Александра Леонидовна | ||
| 245 | 10 | a | Заглавие | Гендер в спортивной деятельности |
| b | Продолж. заглавия | учеб. пособие | ||
| 260 | a | Место издания | Москва | |
| b | Издательство | ФЛИНТА : Наука | ||
| c | Дата издания | 2011 | ||
| 300 | a | Объем | 212 с. | |
| 650 | 14 | a | Основная рубрика | Спорт |
| 653 | 1_ | a | Ключевые слова | человек |
| a | Ключевые слова | гендер | ||
| a | Ключевые слова | спорт | ||
| a | Ключевые слова | здоровье | ||
| a | Ключевые слова | различия по полу | ||
| 990 | t | N записи в КСУ для И/У (DOS) | 109 | |
| f | Даты поступлений (DOS) | II.11 | ||
| b | Заказано (DOS) | ЦБ 861379-Д 861380-Д |